000 00421nam a2200133Ia 4500
005 20260326100025.0
008 260326s9999||||xx |||||||||||||| ||und||
100 _aAceves, Silvie
245 0 _aApuntes para la Historia y Crítica de la Arquitectura Mexicana del Siglo XX :
_b 1900-1980 /
_cSilvie Aceves
260 _bInstituto Nacional de Bellas Artes
300 _a203 p.
650 _aARQUITECTURA REGIONAL
942 _cBK
999 _c6350
_d6350